Geo #1: 25 U.S. States (Fall 2025) - Statistics

General Stats
  • This quiz has been taken 1,561 times
    562 since last reset
  • The average score is 19 of 25
Answers on the Map
Answers color-coded by a green-red scale on the quiz's map according to % correct below.
 
Answer Stats
Answer % Correct
Tennessee
90%
California
88%
North Dakota
84%
South Dakota
84%
Washington
84%
Florida
82%
Hawaii
82%
Vermont
80%
Louisiana
78%
Michigan
78%
Nevada
78%
Virginia
76%
Illinois
75%
Montana
75%
Ohio
75%
Mississippi
73%
Connecticut
71%
Iowa
71%
Colorado
69%
Kansas
69%
Maryland
69%
Pennsylvania
69%
Massachusetts
67%
Georgia
65%
Oklahoma
65%
No matching quizzes found
Score Distribution
Percent of People with Each Score
Percentile by Number Answered
Your Score History
You have not taken this quiz since the last reset